书目信息 |
| 题名: |
工商管理培训案例
|
|
| 作者: | 徐二明 主编 | |
| 分册: | ||
| 出版信息: | 北京 中国经济出版社 1998.05 |
|
| 页数: | 456页 | |
| 开本: | 32开 | |
| 丛书名: | ||
| 单 册: | ||
| 中图分类: | F203.9 | |
| 科图分类: | ||
| 主题词: | 国民经济--经济管理 | |
| 电子资源: | ||
| ISBN: | 7-5017-4299-5 | |
| 000 | 00537nam0 2200181 45 | |
| 001 | 0012041141 | |
| 005 | 20061212111434.06 | |
| 010 | @a7-5017-4299-5@d22.50元 | |
| 100 | @a20001204d1998 km y0chiy0120 ea | |
| 101 | 0 | @achi |
| 200 | 1 | @a工商管理培训案例@AGong Shang Guan Li Pei Xun An Li@f徐二明主编@FXu Er Ming Zhu Bian |
| 210 | @a北京@c中国经济出版社@d1998.05 | |
| 215 | @a456页@d32开 | |
| 606 | 0 | @a国民经济@x经济管理 |
| 690 | @aF203.9@v3 | |
| 701 | 0 | @a徐二明@4主编 |
| 801 | @aCN@bPftUser@c20061212 | |
| 905 | @b513005-006@dF203.9@eX703@f2 | |
| 工商管理培训案例/徐二明主编.-北京:中国经济出版社,1998.05 |
| 456页;32开 |
| ISBN 7-5017-4299-5:22.50元 |
| ● |
| 相关链接 |
|
|
|
正题名:工商管理培训案例
索取号:F203.9/X703
 
预约/预借
| 序号 | 登录号 | 条形码 | 馆藏地/架位号 | 状态 | 备注 |
| 1 | 443893 | 204438938 | 管理学院资料室/ [索取号:F203.9/X703] | 在馆 | |
| 2 | 513005 | 205130053 | 社科库409/409社科库 72排2列2层/ [索取号:F203.9/X703] | 在馆 | |
| 3 | 513006 | 205130062 | 社科库409/ [索取号:F203.9/X703] | 在馆 |